000 00482nam a2200205Ia 4500
003 OSt
005 20251209151959.0
008 250729s1917 xx 000 0 und d
020 _a978-0750916776
040 _cAL
041 _aeng
082 _a900 LENB
100 _aLenin N
_9226400
245 _aCan the bolsheviks retain state power?
260 _aMoscow
_c1917
300 _a62p
650 _aHistory
_9226401
700 _aRao Digumurthi
_9226402
942 _2ddc
_cBED
999 _c237286
_d237286